al-Ghazal. (Record no. 49588)

MARC details
000 -LEADER
fixed length control field 00569cam a22002171 4500
001 - CONTROL NUMBER
control field ne 67000915
003 - CONTROL NUMBER IDENTIFIER
control field DLC
005 - DATE AND TIME OF LATEST TRANSACTION
control field 20260227111832.0
008 - FIXED-LENGTH DATA ELEMENTS--GENERAL INFORMATION
fixed length control field 890331s1964 xx 000 0 ara
010 ## - LIBRARY OF CONGRESS CONTROL NUMBER
LC control number ne 67000915
035 ## - SYSTEM CONTROL NUMBER
System control number (OCoLC)23500948
040 ## - CATALOGING SOURCE
Original cataloging agency DLC
Transcribing agency MiU
Modifying agency DLC
050 00 - LIBRARY OF CONGRESS CALL NUMBER
Classification number PJ7541
Item number .D3
100 1# - MAIN ENTRY--PERSONAL NAME
Personal name Dahhān, Sāmī.
245 13 - TITLE STATEMENT
Title al-Ghazal.
260 ## - PUBLICATION, DISTRIBUTION, ETC.
Date of publication, distribution, etc. 1964.
300 ## - PHYSICAL DESCRIPTION
Extent 2 v.
Dimensions 21 cm.
500 ## - GENERAL NOTE
General note Romanized.
650 #0 - SUBJECT ADDED ENTRY--TOPICAL TERM
Topical term or geographic name entry element Love poetry, Arabic
General subdivision History and criticism.
830 #0 - SERIES ADDED ENTRY--UNIFORM TITLE
Uniform title Funūn al-adab al-ʻArabī. al-Fann al-ghināʻī ;
Volume/sequential designation 1-2.

No items available.

Powered by Koha